Statistics for Choose the most populated

Click here to take the quiz!

General Stats

  • This quiz has been taken 61 times
  • The average score is 4 of 5

Answer Stats

QuestionAnswer% Correct
Which is the most populatedBrazil
96%
Which is the most populatedIndia
93%
Which is the most populated countryChina
89%
Which is the most populatedUnited Kingdom
64%
Which is the most populatedCanada
36%

Score Distribution

Percentile by Number Answered

Percent of People with Each Score

Your Score History

You have not taken this quiz